000 00347nam a2200121Ia 4500
008 220615s9999||||xx |||||||||||||| ||und||
245 0 _aDigital Imaging
546 _aEnglish[eng]
650 _aImage processing
700 _aSarfraz, Muhammad
856 _uhttps://mts.intechopen.com/storage/books/9239/authors_book/authors_book.pdf
942 _cEB
999 _c14123
_d14123